| 000 | 00780cam a22002413a 4500 | ||
|---|---|---|---|
| 001 | 14282 | ||
| 003 | PGUSA | ||
| 005 | 20140828083315.0 | ||
| 008 | 041207s2004||||xxu|||||s|||||000 | eng d | ||
| 040 |
_aPGUSA _beng |
||
| 042 | _adc | ||
| 050 | 4 | _aPA | |
| 100 | 1 |
_aErasmus, Desiderius, _d1469-1536 |
|
| 245 | 1 | 2 |
_aA Merry Dialogue Declaringe the Properties of Shrowde Shrews and Honest Wives _h[electronic resource] / _cDesiderius Erasmus |
| 260 |
_bProject Gutenberg, _c2004 |
||
| 506 | _aPublic domain in the USA. | ||
| 516 | _aElectronic text | ||
| 653 | _aImaginary conversations | ||
| 653 | _aDialogues, Latin (Medieval and modern) -- Translations into English | ||
| 830 | 0 |
_aProject Gutenberg _v14282 |
|
| 856 | 4 | 0 | _uhttp://www.gutenberg.org/ebooks/14282 |
| 942 | _cEB | ||
| 999 |
_c243537 _d243537 |
||